| Поле | Инд. | ПП | Название | Значение |
|---|---|---|---|---|
| Тип записи | a | |||
| Библиографический уровень | m | |||
| 001 | _ | Контрольный номер | RU\infra-m\znanium\bibl\1091204 | |
| 005 | _ | Дата корректировки | 20250915104133.8 | |
| 008 | Кодируемые данные | 210924s2020 RU g rus u | ||
| 020 | a | ISBN | 978-5-394-02532-7 | |
| 040 | a | Служба первич. каталог. | Общество с ограниченной ответственностью «ЗНАНИУМ» | |
| 041 | a | Код языка текста | rus | |
| 044 | a | Код страны публикации | RU | |
| 080 | a | Индекс УДК | 519 | |
| 084 | 2 | Источник индекса | rubbk | |
| a | Индекс другой классификации/Индекс ББК | 221 | ||
| 084 | 2 | Источник индекса | okso | |
| a | Индекс другой классификации/Индекс ББК | 38.03.01 | ||
| 084 | 2 | Источник индекса | okso | |
| a | Индекс другой классификации/Индекс ББК | 38.03.02 | ||
| 084 | 2 | Источник индекса | okso | |
| a | Индекс другой классификации/Индекс ББК | 01.03.04 | ||
| 100 | 1_ | a | Автор | Яковлев Виталий Павлович |
| q | Полное имя | Виталий Павлович | ||
| 245 | a | Заглавие | Эконометрика | |
| b | Продолж. заглавия | Учебник для бакалавров; Учебник | ||
| c | Ответственность | Научно-исследовательский институт телевидения | ||
| 260 | a | Место издания | Москва | |
| b | Издательство | Издательско-торговая корпорация "Дашков и К" | ||
| c | Дата издания | 2019 | ||
| 300 | a | Объем | 384 с. | |
| 440 | a | Серия | Учебные издания для бакалавров | |
| 520 | a | Аннотация | В учебнике дается строгое изложение оснований и методов эконометрики на основе доступного математического аппарата. Теория вероятностей базируется на классическом определении вероятности события полученном формализацией понятий статистики. Для иллюстрации привлекается общеизвестная сотовая система связи. Метод наименьших квадратов дополняется построением моделей на основе минимаксной аппроксимации. Особенности временных рядов со случайными моментами возникновения отсчетов иллюстрируются расчетом корреляции финансовых потоков. | |
| 521 | a | Примеч. о целев. назн. | ВО - Бакалавриат | |
| 650 | a | Основная рубрика | Физико-математические науки | |
| x | Основная подрубрика | Эконометрика | ||
| 852 | x | Примечание, не предназначенное для пользователя | znanium2023 | |
| 856 | 4_ | a | Имя сервера/домена | znanium.com |
| m | Помощь | ebs_support@infra-m.ru | ||
| n | Местонахождение сервера | НИЦ ИНФРА-М | ||
| u | URL | https://znanium.com/catalog/document?id=358157 | ||
| z | Примечание для пользователя | Участвует в КО | ||
| 856 | 41 | a | Имя сервера/домена | znanium.com |
| d | Путь | /cover/1091 | ||
| f | Электронное имя | 1091204.jpg | ||
| q | Тип электронного формата | image/jpeg | ||
| u | URL | https://znanium.com/cover/1091/1091204.jpg |